| 000 | 01880nam a22004334a 4500 | ||
|---|---|---|---|
| 001 | ebr10333403 | ||
| 003 | CaPaEBR | ||
| 006 | m u | ||
| 007 | cr cn||||||||| | ||
| 008 | 090218s2008 enkab sb 001 0 eng | ||
| 010 | _z 2009286069 | ||
| 015 |
_aGBA8C7562 _2bnb |
||
| 016 | 7 |
_z014791999 _2Uk |
|
| 020 | _z9781845117085 | ||
| 020 | _z1845117085 | ||
| 040 |
_aCaPaEBR _cCaPaEBR |
||
| 035 | _a(OCoLC)614594582 | ||
| 043 | _ae-fr--- | ||
| 050 | 1 | 4 |
_aHD1945 _b.B85 2008eb |
| 082 | 0 | 4 |
_a331.76309440904 _222 |
| 100 | 1 | _aBulaitis, John. | |
| 245 | 1 | 0 |
_aCommunism in rural France _h[electronic resource] : _bFrench agricultural workers and the Popular Front / _cJohn Bulaitis. |
| 260 |
_aLondon ; _aNew York : _bI.B. Tauris ; _aNew York : _bIn the United States of America and Canada distributed by Palgrave Macmillan, _c2008. |
||
| 300 |
_axiv, 250 p. : _bill., map. |
||
| 490 | 1 |
_aInternational library of historical studies ; _v55 |
|
| 504 | _aIncludes bibliographical references (p. [233]-241) and index. | ||
| 533 |
_aElectronic reproduction. _bPalo Alto, Calif. : _cebrary, _d2013. _nAvailable via World Wide Web. _nAccess may be limited to ebrary affiliated libraries. |
||
| 610 | 2 | 0 | _aFront populaire. |
| 650 | 0 |
_aCommunism and agriculture _zFrance _xHistory _y20th century. |
|
| 650 | 0 |
_aAgriculture and state _zFrance _xHistory _y20th century. |
|
| 650 | 0 |
_aStrikes and lockouts _zFrance _xHistory _y20th century. |
|
| 650 | 0 |
_aAgricultural laborers _zFrance _xHistory _y20th century. |
|
| 651 | 0 |
_aFrance _xRural conditions. |
|
| 651 | 0 |
_aFrance _xPolitics and government _y1914-1940. |
|
| 655 | 7 |
_aElectronic books. _2local |
|
| 710 | 2 | _aebrary, Inc. | |
| 830 | 0 |
_aInternational library of historical studies ; _v55. |
|
| 856 | 4 | 0 |
_uhttp://site.ebrary.com/lib/rucke/Doc?id=10333403 _zAn electronic book accessible through the World Wide Web; click to view |
| 999 |
_c49851 _d49851 |
||